000
00245nam a2200109Ia 4500
008
220204s9999 xx 000 0 und d
082
_a
82-7
_b
BOL
100
_a
Boliska, Al
245
0
_a
Wipeouts
260
_a
New York
_b
Pocket
_c
1969
942
_c
BK
999
_c
29114
_d
29114